Das Verhältnis der obersorbischen Intelligenz zu den anderen slawischen Völkern

Titel: Das Verhältnis der obersorbischen Intelligenz zu den anderen slawischen Völkern / Nicole Dołowy-Rybińska
Verfasser:
Beteiligt:
In: Sorbisches Institut: Lětopis, Band 65, Heft 1 (2018), Seite 3-20
alle Artikel anzeigen
Veröffentlicht: 2018
Umfang: Diagramme
Format: Aufsatz
Sprache: Deutsch
Schlagworte:
Kein Bild verfügbar
X
alg: 50401829
001A    $03025:23-01-23 
001B    $01999:23-01-23 $t22:35:37.000 
001D    $03025:23-01-23 
001U    $0utf8 
001X    $00 
002@    $0Aou 
002C    $aText $btxt $2rdacontent 
002D    $aohne Hilfsmittel zu benutzen $bn $2rdamedia 
002E    $aBand $bnc $2rdacarrier 
003@    $0504018299 
007A    $0504018299 $aHEB 
010@    $ager 
010E    $erda 
011@    $a2018 
021A    $aDas @Verhältnis der obersorbischen Intelligenz zu den anderen slawischen Völkern $hNicole Dołowy-Rybińska 
028A    $BVerfasser $#Dołowy-Rybinska, Nicole $#Rybińska, Nicole Dołowy- $4aut $71123077754 $8Dołowy-Rybińska, Nicole$Z1980- [Tp3] $939789001X 
028C    $BÜbersetzer $#Sholʹtse, D. $#Šolʹce-Šolta, Ditrich $#Scholze, D. $#Sholʹt︠s︡e, D. $#Šolʹce, D. $#Scholze-Šołta, Dietrich $#Šołta, Dietrich $4trl $7133162044 $8Scholze, Dietrich$Z1950- [Tp1] $9188919775 
031A    $d65 $e1 $h3-20 $j2018 
034M    $aDiagramme 
039B    $aEnthalten in $8--Abvc--Sorbisches Institut [Tb1]. Lětopis. - Bautzen : Domowina-Verl., 1992-. - ISSN 0943-2787 $x201800000650001997 $9048608750 
044K    $RLausitz $#Lausitz, Süd $#Südliche Lausitz $#Górne Łużyce $74042942-8 $8Oberlausitz [Tg1] $9085119431 
044K    $RWeibliche Intellektuelle $RGeistesarbeiter $#Intellectuals $#Intellectuels $#Intellettuali $#Intelectuales $#Intellektueller $#Intelligencija $#Intelligentsia $#Intelligenz Soziologie $#Intelligenzija $#Intelligenzler $#Intelligenzschicht $#Denker Intellektueller $#Intellektuelle $74027249-7 $8Intellektueller [Ts1] $9085069167 
044K    $RSorbin $RElb- und Ostseeslawen $#Sorbs $#Sorabes $#Sorbe $#Wenden $#Serbja obersorbisch $#Serby niedersorbisch $74055619-0 $8Sorben [Ts1] $9085154792 
044K    $RRelation $#Wechselbeziehung $#Beziehungen $74145198-3 $8Beziehung [Ts1] $9085577189 
044K    $RSlawin $#Slavs $#Slaves $#Eslavos $#Slawen $#Slawe $#Slawische Völker $#Slaven $#Slawisches Sprachgebiet $#Slawische Staaten $74077491-0 $8Slawen [Ts1] $908521955X 
045F    $a306.0943151 $eDDC23BSB 
045F/01 $a306.09 
045F/03 $g43151 
045F/03 $g437 
045T    $a10 $a8,1 $a9,10 

lok: 50401829 78

exp: 50401829 78 1 #EPN
201B/01 $008-03-24 $t15:40:27.000 
201C/01 $023-01-23 
201U/01 $0utf8 
203@/01 $0122527866X 
208@/01 $a23-01-23 $be 
209A/01 $a/ $f000 $x00 
209A/01 $ab*p $x01 
209A/01 $aDeutsche Zusammenfassung; englische Zusammenfassung, S. 153: The Upper Sorbian Intelligentsia in Relation to the Slavs $x03 
220C/01 $apgar 
244Z/01 $#Germania Slavica $#"Germania Slavica" $#Germania Slavica $#Germania Slavica $#Germania Slavica $#Germania Slavica $#Germania Slavica $8--Trx--Germania Slavica $x01 $9391371002 
244Z/01 $#Ostmitteleuropa $#Ostmitteleuropa $#Mitteleuropa, Ost $#Central Europe Ostmitteleuropa $#Mittelosteuropa $74075753-5 $8--Tg1--Ostmitteleuropa $x02 $9085214485 
247C/01 $82080>Marburg/Lahn, Herder-Institut, Forschungsbibliothek, Bibliographieportal $9336309341
LEADER 00000caa a2200000 c 4500
001 504018299
003 DE-603
005 20230123223537.0
007 tu
008 230123s2018 xx |||| | u00||u|ger c
035 |a (DE-599)HEB504018299 
040 |a DE-603  |b ger  |c DE-603  |d DE-603  |e rda 
041 |a ger 
082 0 4 |8 1\u  |a 306.0943151  |q DE-101  |2 23/BSB 
084 |a 10  |a 8,1  |a 9,10  |2 ssgn 
085 |8 1\u  |b 306.09 
085 |8 1\u  |z 2  |s 43151 
085 |8 1\u  |z 2  |s 437 
100 1 |a Dołowy-Rybińska, Nicole  |d 1980-  |e Verfasser  |4 aut  |0 (DE-603)39789001X  |0 (DE-588)1123077754  |2 gnd 
245 0 0 |a ˜Dasœ Verhältnis der obersorbischen Intelligenz zu den anderen slawischen Völkern  |c Nicole Dołowy-Rybińska 
264 0 |c 2018 
300 |b Diagramme 
336 |a Text  |b txt  |2 rdacontent 
337 |a ohne Hilfsmittel zu benutzen  |b n  |2 rdamedia 
338 |a Band  |b nc  |2 rdacarrier 
650 7 |a Intellektueller  |0 (DE-588)4027249-7  |0 (DE-603)085069167  |2 gnd 
650 7 |a Sorben  |0 (DE-588)4055619-0  |0 (DE-603)085154792  |2 gnd 
650 7 |a Beziehung  |0 (DE-588)4145198-3  |0 (DE-603)085577189  |2 gnd 
650 7 |a Slawen  |0 (DE-588)4077491-0  |0 (DE-603)08521955X  |2 gnd 
651 7 |a Oberlausitz  |0 (DE-588)4042942-8  |0 (DE-603)085119431  |2 gnd 
700 1 |a Scholze, Dietrich  |d 1950-  |e Übersetzer  |4 trl  |0 (DE-603)188919775  |0 (DE-588)133162044  |2 gnd 
773 0 8 |i Enthalten in  |a Sorbisches Institut  |t Lětopis  |d Bautzen : Domowina-Verl., 1992-  |h 24 cm  |x 0943-2787  |g Band 65, Heft 1 (2018), Seite 3-20  |w (DE-603)048608750  |w (DE-600)1116990-4 
924 0 |9 2080  |a (DE-603)122527866X  |b DE-2080  |c HES  |d d  |g /